=LDR 00000nam 2200000 4500 =001 INLIS000000000040024 =005 20130612145619 =008 ***********************************ind** =035 ##$$0010-061300000040024 =041 ##$$a ind =082 ##$$a 028.5 =090 ##$$a 028.5, Uta U =100 ##$$a utami, Nunik =245 ##$$a Pinter Bersama Bernard =650 ##$$a Bacaan Kanak-kanak =850 ##$$a NBPNMAT